01185nab a22002057a 4500003000400000005001700004008004100021040000700062100003000069245009800099260004200197300001200239500003700251505042200288505008900710650002000799650001200819700002900831773011900860OSt20260224130438.0190506c xxu||||| |||| 00| 0 spa d cPJ aFranco, Marisel Alejandra10aDespido : bcomunicación y requisitos /cMarisel Alejandra Franco, María Virginia Franco. aBuenos Aires :bAbeledoPerrot,c2024. ap. 8-20 aCita: TR LALEY AR/DOC/2434/2024. aSumario: I. Introducción.— II. Capítulo I: Despido. Concepto. Caracteres.— III. Capítulo II: Requisitos que se deben cumplimentar al notificar el despido.— IV. Capítulo III: El intercambio epistolar.— V. Capítulo IV: Deficiente redacción de la notificación del despido. Casuística. Jurisprudencia y Doctrina.— VI. Capítulo V: Consideraciones finales. Conclusión.— VII. Bibliografía.  t¿Te interesa el texto completo? Comunicate al correo: koha@justierradelfuego.gov.ar 0aDERECHO LABORAL 0aDESPIDO aFranco, María Virginia0 02751dBuenos Aires : AbeledoPerrot, 2013-tRevista de derecho laboral y seguridad social. Nº 21 - Noviembre 2024